Post Malone Lyrics - Stay - Statistics

General Stats
  • This quiz has been taken 315 times
  • The average score is 223 of 285
Answer Stats
Song Section Lyrics % Correct
I
99%
a
98%
you
96%
You
96%
me
95%
me,
95%
all
93%
it
93%
it?
93%
that
93%
Verse 1 It's
91%
it's
91%
Verse 2 Stay
90%
stay
90%
to
90%
to-
90%
tell
89%
Chorus Tell
89%
an
88%
the
88%
want
88%
is
87%
on
87%
on,
87%
and
85%
And
85%
do?
85%
do
85%
no
85%
know
83%
we
83%
We
83%
Pre-Chorus Don't
82%
don't
82%
in
82%
okay
82%
true
82%
your
82%
are
81%
day
81%
of
81%
been
80%
Damn,
80%
damn
80%
I'm
80%
now
80%
now?
80%
this
80%
waitin'
80%
I've
79%
what
79%
out
78%
right
78%
So
78%
so
78%
damn
77%
how
77%
but
76%
Pre-Chorus But
76%
count
76%
little
76%
my
76%
too
76%
put
75%
Call
74%
mornin',
74%
longer
73%
talk
73%
F***
72%
for
72%
have
72%
here,
72%
back
71%
beautiful,
71%
more
71%
night
71%
cigarette
70%
drunk
70%
face
70%
last
70%
convince
69%
went
69%
if
68%
I'll
68%
misery
68%
off
68%
think
68%
against
67%
said
67%
things
67%
Every
66%
another
65%
break
64%
pour
64%
drink
63%
make
63%
please,
63%
time
61%
Can
60%
truth
60%
up,
60%
who
60%
amazin'
57%
view's
55%
when
55%
with
55%
conversation?
54%
Figure
53%
blind
52%
We're
51%
we're
51%
fadin'
50%
intoxication
47%
carry
46%
motivation?
46%
lose
45%
used
45%
woman
45%
Everybody's
44%
hell
44%
gonna
43%
like
43%
Maybe
43%
our
43%
play
42%
excuse
40%
only
39%
love
38%
never
37%
s***
37%
wrong,
36%
pain
23%
Chasin'
20%
No matching quizzes found
Score Distribution
Percent of People with Each Score
Percentile by Number Answered
Your Score History
You have not taken this quiz